• 首页
  • 本馆介绍
  • 公告通知
  • 最新文献
  • 馆藏检索
  • 电子资源
  • 读者导购
  • 参考咨询
  • 我的图书馆
  • 登录
  • 详细信息显示
  • 放入我的书架
  • 预约/预借图书
  • 作者相关作品
  • 分类相关作品
  • 丛书相关作品
  • 出版社相关作品

书目信息

  • 表格格式
  • 工作单格式
  • 卡片格式
题名:
学校班级成功教育管理方法
    
 
作者: 赵学华 , 徐凤云 著
分册:  
出版信息: 北京   学苑出版社  1991.9
页数: 370页
开本: 19cm
丛书名:
单 册:
中图分类: G424.2 , G41
科图分类:
主题词: 班级-学校管理 , 学校管理-班级 , 思想政治教育--学校教育 , 德育--学校教育
电子资源:
ISBN: 7-80060-447-0
000 00896nam0 2200301 45
001 0192006800
005 20040429154921.1
010    @a7-80060-447-0@dCNY5.40
020    @aCN@b92006800
100    @a19920728d1991 em y0chiy0121 ea
101 0  @achi
102    @aCN@b110000
105    @ay z 000yy
106    @ar
200 10 @a学校班级成功教育管理方法@Axue xiao ban ji cheng gong jiao yu guan li fang fa@f赵学华,徐凤云著@Fzhao xue hua xu feng yun zhu
210    @a北京@c学苑出版社@d1991.9
215    @a370页@d19cm
540 1  @a学校 教育@Axue xiao jiao yu
606    @a班级-学校管理
606    @a学校管理-班级
606 0  @a思想政治教育--学校教育
606 0  @a德育--学校教育
690    @aG424.2@v3
690    @aG41@v3
701  0 @a赵学华@Azhao xue hua@4著
701  0 @a徐凤云@Axu feng yun@4著
801    @aCN@bTSTC@c20031215
905    @f3@b264890-892@f1@b264897@dG41@e10
    
    学校班级成功教育管理方法/赵学华,徐凤云著.-北京:学苑出版社,1991.9
    370页;19cm
    
    
    ISBN 7-80060-447-0:CNY5.40
    
●
相关链接 在E读中查询图书 在五车中查询图书 在当当中查询图书 在豆瓣中查询图书


正题名:学校班级成功教育管理方法     索取号:G41/10         预约/预借

序号 登录号 条形码 馆藏地/架位号 状态 备注
1 0264889   000311692   第一样本阅览室/ [索取号:G41/10] 在馆    
2 0264890   000311790   第四借阅区/ [索取号:G41/10] 在馆    
3 0264891   000311807   第四借阅区/ [索取号:G41/10] 在馆    
4 0264892   000311736   第四借阅区/ [索取号:G41/10] 在馆    
5 0264893   000311353   密集书库/ [索取号:G41/10] 在馆    
6 0264894   000311308   密集书库/ [索取号:G41/10] 在馆    
7 0264895   000311362   密集书库/ [索取号:G41/10] 在馆    
8 0264896   000311291   密集书库/ [索取号:G41/10] 在馆    
9 0264897   000311709   第四借阅区/ [索取号:G41/10] 在馆    
10 0264898   000311718   密集书库/ [索取号:G41/10] 在馆    
唐山师范学院图书馆 欢迎您!
大连网信软件有限公司© 版权所有